| 000 | 00361cam a2200145ua 4500 | ||
|---|---|---|---|
| 041 |
_aeng _h |
||
| 082 |
_a928.2 _bLEW/SH |
||
| 100 | _aLewis, Wyndham D B . | ||
| 245 |
_aShadow of Cervantes / _cWyndham D B Lewis. _hTextual Documents |
||
| 260 |
_aLondon : _bHollis & Carter , _c1962. |
||
| 300 | _a197 ; . | ||
| 504 | _a | ||
| 942 | _cBK | ||
| 999 |
_c6146 _d6146 |
||